000 01117nam0a22003011 4500
001 rc\2231661
005 20250622215250.0
035 _a(NLR Aleph) 006435734
090 _a5591620
_c5591620
100 _a20091216d1978 |||y0rusy50 ca
101 0 _arus
102 _aRU
105 _aa z |||||
200 1 _aТракт передачи импульсной стойки 200
_eПособие студентам
_fЯцын О.В., Курица А.Я., Милованов Р.Л. и др.
205 _a2-е изд.
210 _aМосква
_cМИЭМ
_d1978
215 _a83 с.
_cил.
_d20
300 _aВ надзаг.: М-во высш. и сред. спец. образ. РСФСР, Моск. ин-т электрон. машиностроения
333 _aДСП. Экз. № 5
532 1 1 _aТракт передачи импульсной стойки двести
701 1 _aМилованов
_bР.Л.
701 1 _aКуница
_bА.Я.
701 1 _aЯцын
_bО.В.
801 1 _aRU
_bELAR
_2rusmarc
801 0 _aRU
_bNLR
_gpsbo
852 _aNLR
_j79-50К/1017
942 _cBOOK
980 _aNB